Word from clues - Statistics

General Stats
  • This quiz has been taken 18 times
  • The average score is 4 of 5
Answer Stats
Hint Answer % Correct
blue, big animal in the sea Blue Whale
94%
unit of measure used for weight in the united states Pounds
88%
website, the best one Jetpunk
76%
essential nutrient needed for life Water
71%
screen used for computers Monitor
59%
No matching quizzes found
Score Distribution
Percent of People with Each Score
Percentile by Number Answered
Your Score History
You have not taken this quiz